Skip to main content
Your cart is empty.
Your lists
Log in to create your own lists
Your cookies
العربية
English
العربية
Home
Search
Advanced search
Authority search
About
The noble scholar, jurist, historian
His Excellency Dr. Abdul Wahhab bin Ibrahim Abu Sulaiman, may Allah have mercy on him.
He was born in Umm Al-Qura in the year 1356 AH.
Library catalog
Title
Author
Subject
ISBN
ISSN
Series
Call number
Log in to your account
×
Login:
Password:
Home
MARC view: مجموع فيه سبع رسائل للإمام المحقق محمد بن إسماعيل الأمير الصنعاني رحمه الله. وفيه جواب في مسألة فسخ إمرأة المعسر وإمرأة المفقود / إبراهيم بن خالد العلفي. ويليه رسالتان للإمام العلامة محمد بن علي الشوكاني ؛ تحقيق محمد الصغير بن قائد بن أحمد العبادلي المقطري.
Normal view
MARC view
ISBD view
مجموع فيه سبع رسائل للإمام المحقق محمد بن إسماعيل الأمير الصنعاني رحمه الله. وفيه جواب في مسألة فسخ إمرأة المعسر وإمرأة المفقود / إبراهيم بن خالد العلفي. ويليه رسالتان للإمام العلامة محمد بن علي الشوكاني ؛ تحقيق محمد الصغير بن قائد بن أحمد العبادلي المقطري. (Record no. 10687)
[
view plain
]
MARC details
000 -LEADER
fixed length control field
02840cam a22003611i 4500
003 - CONTROL NUMBER IDENTIFIER
control field
SA-RiAUC
005 - DATE AND TIME OF LATEST TRANSACTION
control field
20250809043030.0
008 - FIXED-LENGTH DATA ELEMENTS--GENERAL INFORMATION
fixed length control field
250807s2004 le g 00010dara c
040 ## - CATALOGING SOURCE
Original cataloging agency
SA-JeALM
Language of cataloging
ara
Transcribing agency
SA-RiAUC
Description conventions
rda
082 04 - DEWEY DECIMAL CLASSIFICATION NUMBER
Classification number
259
090 ## - LOCALLY ASSIGNED LC-TYPE CALL NUMBER (OCLC); LOCAL CALL NUMBER (RLIN)
Classification number (OCLC) (R) ; Classification number, CALL (RLIN) (NR)
259
Local cutter number (OCLC) ; Book number/undivided call number, CALL (RLIN)
ص ن ع
100 1# - MAIN ENTRY--PERSONAL NAME
Personal name
الصنعاني، محمد بن إسماعيل بن صلاح،
Dates associated with a name
1099-1182 هجري
Relator term
مؤلف.
245 10 - TITLE STATEMENT
Title
مجموع فيه سبع رسائل للإمام المحقق محمد بن إسماعيل الأمير الصنعاني رحمه الله. وفيه جواب في مسألة فسخ إمرأة المعسر وإمرأة المفقود / إبراهيم بن خالد العلفي. ويليه رسالتان للإمام العلامة محمد بن علي الشوكاني ؛ تحقيق محمد الصغير بن قائد بن أحمد العبادلي المقطري.
250 ## - EDITION STATEMENT
Edition statement
الطبعة الأولى.
264 #1 - PRODUCTION, PUBLICATION, DISTRIBUTION, MANUFACTURE, AND COPYRIGHT NOTICE
Place of production, publication, distribution, manufacture
بيروت :
Name of producer, publisher, distributor, manufacturer
دار ابن حزم للطباعة والنشر والتوزيع،
Date of production, publication, distribution, manufacture, or copyright notice
2004.
300 ## - PHYSICAL DESCRIPTION
Extent
475 صفحة ؛
Dimensions
24 سم
336 ## - CONTENT TYPE
Content type term
نص
Content type code
txt
Source
rdacontent
Materials specified
كتاب
337 ## - MEDIA TYPE
Media type term
بدون وسيط
Media type code
n
Source
rdamedia
338 ## - CARRIER TYPE
Carrier type term
مجلد
Carrier type code
nc
Source
rdacarrier
505 0# - FORMATTED CONTENTS NOTE
Formatted contents note
المحتويات : المسائل المهمة فيما تعم به البلوى حكام الأمة-الأجوبة المرضية على الأسئلة الصعدية-بحث حول خطاب الكفار بفروع الشريعة-جواب عن دلالة المفاهيم من أي الدلالات هي ؟-إزالة التهمة ببيان ما يجوز ويحرم من مخالطة الظلمة-بذل الموجود في حكم الأعمار وإمرأة المفقود-المسألة الثاقبة الأنظار في تصحيح أدلة فسخ إمرأة المعسر بالإعسار.
650 #7 - SUBJECT ADDED ENTRY--TOPICAL TERM
Topical term or geographic name entry element
أصول الفقه الإسلامي
Source of heading or term
aucsh
650 #7 - SUBJECT ADDED ENTRY--TOPICAL TERM
Topical term or geographic name entry element
الفقه الإسلامي
Source of heading or term
aucsh
650 #7 - SUBJECT ADDED ENTRY--TOPICAL TERM
Topical term or geographic name entry element
الأحكام الشرعية
Source of heading or term
aucsh
700 12 - ADDED ENTRY--PERSONAL NAME
Personal name
العلفي، إبراهيم بن خالد بن أحمد،
Dates associated with a name
1106-1156 هجري
Title of a work
جواب في مسألة فسخ إمرأة المعسر وإمرأة المفقود.
700 12 - ADDED ENTRY--PERSONAL NAME
Personal name
الشوكاني، محمد بن علي بن محمد،
Dates associated with a name
1173-1250 هجري
700 12 - ADDED ENTRY--PERSONAL NAME
Personal name
الشوكاني، محمد بن علي بن محمد،
Dates associated with a name
1173-1250 هجري
Title of a work
رفع الأساطين في حكم الاتصال بالسلاطين.
700 1# - ADDED ENTRY--PERSONAL NAME
Personal name
المقطري، محمد الصغير بن قائد بن أحمد العبادلي
Relator term
محقق.
740 02 - ADDED ENTRY--UNCONTROLLED RELATED/ANALYTICAL TITLE
Uncontrolled related/analytical title
جواب في مسألة فسخ إمرأة المعسر وإمرأة المفقود.
740 02 - ADDED ENTRY--UNCONTROLLED RELATED/ANALYTICAL TITLE
Uncontrolled related/analytical title
بدر شعبان الطالع في سما العرفان.
740 02 - ADDED ENTRY--UNCONTROLLED RELATED/ANALYTICAL TITLE
Uncontrolled related/analytical title
رفع الأساطين في حكم الاتصال بالسلاطين.
942 ## - ADDED ENTRY ELEMENTS (KOHA)
Source of classification or shelving scheme
Dewey Decimal Classification
Koha item type
Books
Suppress in OPAC
No
949 ## - LOCAL PROCESSING INFORMATION (OCLC)
a
SA-JeALM
d
250807
u
osman123
n
1
Holdings
Withdrawn status
Lost status
Source of classification or shelving scheme
Damaged status
Not for loan
Home library
Current library
Date acquired
Total checkouts
Full call number
Barcode
Date last seen
Price effective from
Koha item type
Dewey Decimal Classification
DR AbdElwahab Library
DR AbdElwahab Library
08/09/2025
259 ص ن ع
000017190
08/09/2025
08/09/2025
Books
Place hold
Print
Add to your cart
(remove)
Save record
BIBTEX
Dublin Core
MARCXML
MARC (non-Unicode/MARC-8)
MARC (Unicode/UTF-8)
MARC (Unicode/UTF-8, Standard)
MODS (XML)
RIS
ISBD
More searches
Search for this title in:
Other Libraries (WorldCat)
Other Databases (Google Scholar)
Online Stores (Bookfinder.com)
Open Library (openlibrary.org)
Exporting to Dublin Core...
×
Simple DC-RDF
OAI-DC
SRW-DC